000 00435nam a2200181Ia 4500
001 17118
005 20260306170401.0
008 260306t1997||||xx |||||||||||||| ||und||
041 _aESP
082 _a657.458
_bV21
100 _aValeriano Ortiz, Luis Fernando
_eAUT
245 0 _aAuditoría administrativa
260 _c1997
300 _a232 páginas :
_c21 cm.
650 _aGEN
654 _aCCO
942 _cLIB
_dJUS
_fJUS
_2ddc
_n
999 _c17118
_d17118